000 01070cab a2200205 4500
001 L130888
008 050912n2005 000 0 eng u
035 _a(Sirsi) u130888
041 0 _aeng
100 1 _aGordon, Warren
245 0 0 _aCase news
_bBryen and Langley v Boston
260 _c2005
490 0 _aProperty Week
_v70(35) 2 September 2005, 71(1)
520 _aDiscusses the case "Bryen and Langley Limited v Martin Boston" (L130784) which showed that even though a formal JCT building contract had not been signed, the dealings between the parties showed that they were contractually committed on the basis of the JCT contract and consequently the adjudicator did have jurisdiction to make an award in their dispute.
590 _aIKA130905
650 2 4 _aBRYEN AND LANGLEY LTD V BOSTON
650 2 4 _aUNFAIR TERMS IN CONSUMER CONTRACTS REGULATIONS 1999
690 _aMANAGEMENT-DISPUTE AVOIDANCE, MANAGEMENT AND RESOLUTION-DISPUTE MANAGEMENT AND RESOLUTION-ALTERNATIVE DISPUTE RESOLUTION-ADJUDICATION-ADJUDICATORS-ADJUDICATORS' JURISDICTION
942 _n0
999 _c75866
_d75866